LDR 00788naa#a2200193#i#450# 001 EN\\bibl\123250 005 20260603051657.3 011 ## _a2782-5957 100 ## _a20260529b2026####ek#y0engy0150####ca 102 ## _aRU 200 1# _aANALYSIS OF METHODS FOR MAKING A ROOT BEAD TO ENSURE LEAK PROOFNESS OF CHEMICAL EQUIPMENT WELDED JOINTS _eJournal article 210 1# _aBryansk _cBryansk State Technical University _d2026 215 ## _a9 с. 608 ## _aJournal article _2local 675 ## _aСварка и родственные процессы. 621.791 _z 686 ## _aТехнология производства оборудования отраслевого назначения. 347 _2bbk 700 #1 _aBludov _gAleksandr Nikolaevich 700 #1 _aKharlamov _gDenis Aleksandrovich 856 4# _anaukaru.ru _u